[Event "Niedersachsen-chT U16"]
[Site "Verden an der Aller"]
[Date "2009.05.24"]
[Round "5.3"]
[White "Vogel, Julian"]
[Black "Oellrich, Torben"]
[Result "1/2-1/2"]
[WhiteElo "1250"]
[BlackElo "1665"]
[PlyCount "45"]
[EventDate "2009.05.21"]
[EventType "team-tourn"]
[EventRounds "5"]
[EventCountry "GER"]
[SourceTitle "EXT 2010"]
[Source "ChessBase"]
[SourceDate "2010.11.25"]
[SourceVersion "1"]
[SourceVersionDate "2010.11.25"]
[SourceQuality "1"]
[WhiteTeam "Hagen"]
[BlackTeam "Stade"]
[WhiteTeamCountry "GER"]
[BlackTeamCountry "GER"]

1. d4 d5 2. e3 Nf6 3. f4 Bf5 4. Nf3 Nbd7 5. Nbd2 c6 6. h3 h6 7. Be2 Qc7 8. Ne5 Nxe5 9. fxe5 Ne4 10. 0-0 e6 11. Nxe4 Bxe4 12. Bh5 g6 13. Bf3 Bxf3 14. Qxf3 Rh7 15. e4 dxe4 16. Qxe4 0-0-0 17. c3 Kb8 18. Bf4 Qe7 19. Rf3 Bg7 20. Raf1 Rg8 21. Bg3 Bf8 22. Rf6 Rgg7 23. Bh2 1/2-1/2

[Event "GER North-chT U16"]
[Site "Verden an der Aller"]
[Date "2008.09.12"]
[Round "1.3"]
[White "Gogol, Max"]
[Black "Oellrich, Torben"]
[Result "0-1"]
[WhiteElo "1551"]
[BlackElo "1531"]
[PlyCount "84"]
[EventDate "2008.09.12"]
[EventType "team-swiss"]
[EventRounds "6"]
[EventCountry "GER"]
[SourceTitle "EXT 2011"]
[Source "ChessBase"]
[SourceDate "2010.11.26"]
[SourceVersion "1"]
[SourceVersionDate "2010.11.26"]
[SourceQuality "1"]
[WhiteTeam "Kiel Meerbauer"]
[BlackTeam "Stade"]
[WhiteTeamCountry "GER"]
[BlackTeamCountry "GER"]

1. Nf3 Nf6 2. g3 d5 3. Bg2 Bf5 4. d3 h6 5. Nbd2 e6 6. 0-0 c6 7. Qe1 Be7 8. Nd4 Bh7 9. e4 dxe4 10. c3 exd3 11. Nc4 Nbd7 12. Bf4 0-0 13. b4 Nd5 14. Bxd5 exd5 15. Na5 Re8 16. Qd2 Qc8 17. Rfe1 Nb6 18. Re3 Nc4 19. Nxc4 dxc4 20. Rae1 Qd7 21. a4 Kf8 22. Qa2 g5 23. Be5 f6 24. Qxc4 fxe5 25. Ne6+ Kg8 26. Nxg5+ Qd5 27. Qxd5+ cxd5 28. Nxh7 Kxh7 29. Rxd3 Bg5 30. f4 exf4 31. Rxe8 Rxe8 32. gxf4 Bxf4 33. Rxd5 Re7 34. b5 Rc7 35. Kg2 Kg7 36. h4 Kf6 37. Kf3 Be5 38. Ke4 Rc4+ 39. Kd3 Rxc3+ 40. Kd2 Rc4 41. a5 Rxh4 42. Rd7 Rd4+ 0-1

[Event "GER North-chT U16"]
[Site "Verden an der Aller"]
[Date "2008.09.12"]
[Round "2.3"]
[White "Oellrich, Torben"]
[Black "Jebtchouk, Dimitrij"]
[Result "1/2-1/2"]
[WhiteElo "1531"]
[BlackElo "1481"]
[PlyCount "56"]
[EventDate "2008.09.12"]
[EventType "team-swiss"]
[EventRounds "6"]
[EventCountry "GER"]
[SourceTitle "EXT 2011"]
[Source "ChessBase"]
[SourceDate "2010.11.26"]
[SourceVersion "1"]
[SourceVersionDate "2010.11.26"]
[SourceQuality "1"]
[WhiteTeam "Stade"]
[BlackTeam "Werder Bremen"]
[WhiteTeamCountry "GER"]
[BlackTeamCountry "GER"]

1. d4 d5 2. Bg5 Bf5 3. Nf3 h6 4. Bh4 Nd7 5. c3 c6 6. Nbd2 Ngf6 7. h3 e6 8. e3 Bd6 9. Be2 Qc7 10. Bxf6 Nxf6 11. c4 Bb4 12. a3 Bxd2+ 13. Nxd2 0-0 14. 0-0 e5 15. cxd5 exd4 16. dxc6 dxe3 17. fxe3 Bg6 18. cxb7 Qxb7 19. Bf3 Nd5 20. Bxd5 Qxd5 21. Nf3 Qb5 22. Rf2 Rfe8 23. Nd4 Qb6 24. Qf3 Rab8 25. h4 Rb7 26. Rc1 Be4 27. Qg3 Rbe7 28. Rc3 Re5 1/2-1/2

[Event "Niedersachsen-ch U16"]
[Site "Rotenburg"]
[Date "2008.03.18"]
[Round "5"]
[White "Hilgendorff, Ian"]
[Black "Oellrich, Torben"]
[Result "1/2-1/2"]
[WhiteElo "1809"]
[BlackElo "1492"]
[PlyCount "65"]
[EventDate "2008.03.15"]
[EventType "swiss"]
[EventRounds "9"]
[EventCountry "GER"]
[SourceTitle "EXT 2009"]
[Source "ChessBase"]
[SourceDate "2008.11.26"]
[SourceVersion "1"]
[SourceVersionDate "2008.11.26"]
[SourceQuality "1"]

1. e4 c5 2. Nf3 d6 3. d4 cxd4 4. Nxd4 Nf6 5. Nc3 g6 6. Be3 Bg7 7. f3 0-0 8. Qd2 Nc6 9. 0-0-0 Nxd4 10. Bxd4 Be6 11. h4 Qa5 12. a3 Rfc8 13. g4 a6 14. h5 Rc6 15. Nd5 Qxd2+ 16. Rxd2 Bxd5 17. exd5 Rcc8 18. hxg6 hxg6 19. Be3 Kf8 20. Bh3 Nd7 21. f4 Rc4 22. f5 Re4 23. Re2 Bd4 24. Rhe1 Rxe3 25. Rxe3 Bxe3+ 26. Rxe3 g5 27. Rc3 Ke8 28. Re3 f6 29. c4 Rc8 30. Bf1 Ne5 31. Re4 Kd7 32. Kd2 Rh8 33. Be2 1/2-1/2

[Event "Niedersachsen-ch U16"]
[Site "Rotenburg"]
[Date "2008.03.18"]
[Round "6"]
[White "Oellrich, Torben"]
[Black "Althoff, Simon"]
[Result "1/2-1/2"]
[WhiteElo "1492"]
[BlackElo "1442"]
[PlyCount "54"]
[EventDate "2008.03.15"]
[EventType "swiss"]
[EventRounds "9"]
[EventCountry "GER"]
[SourceTitle "EXT 2009"]
[Source "ChessBase"]
[SourceDate "2008.11.26"]
[SourceVersion "1"]
[SourceVersionDate "2008.11.26"]
[SourceQuality "1"]

1. d4 d5 2. Nf3 e6 3. Bf4 Nf6 4. Nbd2 Be7 5. c3 0-0 6. h3 b6 7. Qc2 Bb7 8. e3 Nbd7 9. Bd3 c5 10. 0-0 Re8 11. Rfe1 Nf8 12. dxc5 Bxc5 13. Bb5 Re7 14. Nb3 Bd6 15. Bxd6 Qxd6 16. Rad1 Qc7 17. Nbd2 Ng6 18. Rc1 Rc8 19. Bd3 Ne5 20. Nxe5 Qxe5 21. Nf3 Qd6 22. Qd2 Rd7 23. Red1 Qe7 24. Bb5 Rdd8 25. Qc2 h6 26. Bd3 e5 27. Be2 a6 1/2-1/2

[Event "Niedersachsen-ch U16"]
[Site "Rotenburg"]
[Date "2008.03.16"]
[Round "3"]
[White "Dorn, Carina"]
[Black "Oellrich, Torben"]
[Result "1/2-1/2"]
[WhiteElo "1749"]
[BlackElo "1492"]
[PlyCount "68"]
[EventDate "2008.03.15"]
[EventType "swiss"]
[EventRounds "9"]
[EventCountry "GER"]
[SourceTitle "EXT 2009"]
[Source "ChessBase"]
[SourceDate "2008.11.26"]
[SourceVersion "1"]
[SourceVersionDate "2008.11.26"]
[SourceQuality "1"]

1. d4 d5 2. c4 c6 3. Nc3 Nf6 4. Nf3 e6 5. Bg5 Bb4 6. Qc2 Nbd7 7. e3 Qa5 8. Nd2 dxc4 9. Bxf6 Nxf6 10. Bxc4 Nd5 11. Rc1 Nxc3 12. bxc3 Be7 13. 0-0 Qh5 14. e4 e5 15. Nf3 exd4 16. cxd4 0-0 17. Qb3 Bg5 18. Nxg5 Qxg5 19. Rfe1 b5 20. Be2 Bb7 21. Bf3 a6 22. Qb4 Rfe8 23. Rc5 Qe7 24. Qc3 f6 25. h3 Rad8 26. e5 Qd7 27. Bxc6 Bxc6 28. Rxc6 Qxd4 29. Qxd4 Rxd4 30. Rxa6 Rxe5 31. Rxe5 fxe5 32. Ra5 Rb4 33. a3 Rb1+ 34. Kh2 Kf7 1/2-1/2

[Event "Niedersachsen-ch U16"]
[Site "Rotenburg"]
[Date "2008.03.16"]
[Round "2"]
[White "Orschulik, Nils"]
[Black "Oellrich, Torben"]
[Result "1-0"]
[WhiteElo "1985"]
[BlackElo "1492"]
[PlyCount "91"]
[EventDate "2008.03.15"]
[EventType "swiss"]
[EventRounds "9"]
[EventCountry "GER"]
[SourceTitle "EXT 2009"]
[Source "ChessBase"]
[SourceDate "2008.11.26"]
[SourceVersion "1"]
[SourceVersionDate "2008.11.26"]
[SourceQuality "1"]

1. e4 c5 2. Nf3 d6 3. d4 cxd4 4. Nxd4 Nf6 5. Nc3 g6 6. f3 Bg7 7. Be3 0-0 8. Qd2 Nc6 9. g4 Bxg4 10. Nxc6 bxc6 11. fxg4 Nxg4 12. Bg5 Rb8 13. Na4 Ne5 14. Be2 Rb5 15. Rf1 Rb8 16. Be3 c5 17. Rd1 Nc6 18. c3 Qc7 19. Bf4 Ne5 20. h4 Qc6 21. Qc2 c4 22. Bxe5 Bxe5 23. Rf3 f6 24. b3 cxb3 25. axb3 Rfc8 26. Bc4+ Kf8 27. Qd2 Qxe4+ 28. Qe3 Qxh4+ 29. Kd2 Qh5 30. Rh3 Bf4 31. Rxh5 Bxe3+ 32. Kxe3 gxh5 33. Rg1 Ke8 34. Be6 Kd8 35. Rg7 Kc7 36. Rxe7+ Kc6 37. Kd4 Re8 38. Bd5+ Kb5 39. Rc7 Ra8 40. Bc6+ Ka6 41. Bb7+ Kb5 42. Rxh7 Rac8 43. Rxh5+ Rc5 44. Nxc5 dxc5+ 45. Rxc5+ Kb6 46. Bd5 1-0

[Event "Niedersachsen-ch U16"]
[Site "Rotenburg"]
[Date "2008.03.15"]
[Round "1"]
[White "Oellrich, Torben"]
[Black "Gersch, Andre"]
[Result "1/2-1/2"]
[WhiteElo "1492"]
[BlackElo "1825"]
[PlyCount "89"]
[EventDate "2008.03.15"]
[EventType "swiss"]
[EventRounds "9"]
[EventCountry "GER"]
[SourceTitle "EXT 2009"]
[Source "ChessBase"]
[SourceDate "2008.11.26"]
[SourceVersion "1"]
[SourceVersionDate "2008.11.26"]
[SourceQuality "1"]

1. d4 f5 2. Nf3 d6 3. Bf4 Nf6 4. Nbd2 g6 5. c3 Bg7 6. h3 0-0 7. e3 Qe8 8. Bc4+ d5 9. Bd3 c6 10. Qc2 Nbd7 11. 0-0-0 Ne4 12. Nf1 e5 13. Bxe5 Nxe5 14. Nxe5 Bxe5 15. dxe5 Qxe5 16. f3 Nc5 17. Qd2 Re8 18. Bc2 b6 19. Qd4 Ba6 20. b4 Nd7 21. Bd3 Bxd3 22. Rxd3 Nf6 23. Nd2 Qxd4 24. cxd4 Re6 25. Re1 Rae8 26. Nf1 Nh5 27. g3 f4 28. g4 Nf6 29. Kd2 fxe3+ 30. Rdxe3 Kf7 31. Rxe6 Rxe6 32. Rxe6 Kxe6 33. Ke3 Ne8 34. Nd2 Nd6 35. f4 Kf6 36. Nf3 Nc4+ 37. Kd3 h6 38. Ne5 Nxe5+ 39. dxe5+ Ke6 40. Kd4 a6 41. a4 h5 42. gxh5 gxh5 43. h4 a5 44. bxa5 c5+ 45. Kc3 1/2-1/2

[Event "Niedersachsen-ch"]
[Site "Verden"]
[Date "2008.01.05"]
[Round "5"]
[White "Oellrich, Torben"]
[Black "Buetow, Ingo"]
[Result "1/2-1/2"]
[WhiteElo "1336"]
[BlackElo "1714"]
[PlyCount "36"]
[EventDate "2008.01.03"]
[EventType "swiss"]
[EventRounds "7"]
[EventCountry "GER"]
[SourceTitle "EXT 2010"]
[Source "ChessBase"]
[SourceDate "2010.11.25"]
[SourceVersion "1"]
[SourceVersionDate "2010.11.25"]
[SourceQuality "1"]

1. d4 Nf6 2. Nf3 g6 3. Bf4 Bg7 4. Nbd2 d5 5. e3 0-0 6. Bd3 Nbd7 7. c3 c5 8. b3 Re8 9. Qc2 a5 10. a4 b6 11. Ne5 Nxe5 12. Bxe5 Nd7 13. Bxg7 Kxg7 14. Nf3 Ba6 15. Bxa6 Rxa6 16. Qe2 Ra8 17. 0-0 Rc8 18. Rac1 e6 1/2-1/2

[Event "Niedersachsen-ch"]
[Site "Verden"]
[Date "2008.01.03"]
[Round "1"]
[White "Oellrich, Torben"]
[Black "Kyas, Philipp"]
[Result "0-1"]
[WhiteElo "1336"]
[BlackElo "1822"]
[PlyCount "96"]
[EventDate "2008.01.03"]
[EventType "swiss"]
[EventRounds "7"]
[EventCountry "GER"]
[SourceTitle "EXT 2010"]
[Source "ChessBase"]
[SourceDate "2010.11.25"]
[SourceVersion "1"]
[SourceVersionDate "2010.11.25"]
[SourceQuality "1"]

1. d4 Nf6 2. Nf3 e6 3. Bf4 b6 4. e3 Bb7 5. Nbd2 c5 6. c3 d5 7. Bxb8 Rxb8 8. Bb5+ Ke7 9. Ne5 Qc7 10. Ndf3 a6 11. Be2 Ne4 12. Nd2 f6 13. Nef3 Nxd2 14. Qxd2 c4 15. 0-0 g5 16. Qc2 Kf7 17. g3 Bd6 18. Rfd1 h5 19. Kf1 b5 20. a3 h4 21. Ke1 hxg3 22. hxg3 Rbg8 23. g4 a5 24. Kd2 b4 25. a4 Ba8 26. Rh1 Kg7 27. Rae1 Rb8 28. Rxh8 Rxh8 29. Qb1 Rb8 30. Qc2 b3 31. Qb1 Rh8 32. Bd1 Bc6 33. Kc1 Bxa4 34. Kd2 Be8 35. Ng1 Rh2 36. Re2 Bg6 37. Qa1 Bd3 38. Nf3 Bxe2 39. Nxh2 Bxd1 40. Qxd1 Bxh2 41. Qh1 Bd6 42. e4 Bf4+ 43. Ke2 Qd7 44. f3 Qa4 45. e5 fxe5 46. dxe5 Qa2 47. Qe1 Qxb2+ 48. Kf1 Qc1 0-1

[Event "Niedersachsen-chT U14"]
[Site "Stade"]
[Date "2007.05.19"]
[Round "6.1"]
[White "Merten, Martin Julian"]
[Black "Oellrich, Torben"]
[Result "1/2-1/2"]
[WhiteElo "938"]
[BlackElo "1350"]
[PlyCount "52"]
[EventDate "2007.05.17"]
[EventType "team-tourn"]
[EventRounds "7"]
[EventCountry "GER"]
[SourceTitle "EXT 2008"]
[Source "ChessBase"]
[SourceDate "2007.11.25"]
[SourceVersion "1"]
[SourceVersionDate "2007.11.25"]
[SourceQuality "1"]

1. e4 e5 2. Nf3 Nc6 3. Bc4 Bc5 4. b4 Bxb4 5. c3 Bc5 6. d4 exd4 7. cxd4 Bb4+ 8. Kf1 d6 9. Qb3 Qf6 10. Bb2 Qe7 11. d5 Nd8 12. Bxg7 Bc5 13. Bxh8 f6 14. Qb5+ Bd7 15. Qb2 b6 16. e5 dxe5 17. Nxe5 Qxe5 18. Qxe5+ fxe5 19. Bxe5 Nf7 20. Bxc7 Bd4 21. Nc3 Bxc3 22. Rc1 Ba5 23. Bb3 Rc8 24. Ke2 Bb5+ 25. Bc4 Bxc4+ 26. Rxc4 Ne7 1/2-1/2

[Event "Niedersachsen-chT U14"]
[Site "Stade"]
[Date "2007.05.18"]
[Round "3.1"]
[White "Hilgendorff, Ian"]
[Black "Oellrich, Torben"]
[Result "1-0"]
[WhiteElo "1820"]
[BlackElo "1350"]
[PlyCount "29"]
[EventDate "2007.05.17"]
[EventType "team-tourn"]
[EventRounds "7"]
[EventCountry "GER"]
[SourceTitle "EXT 2008"]
[Source "ChessBase"]
[SourceDate "2007.11.25"]
[SourceVersion "1"]
[SourceVersionDate "2007.11.25"]
[SourceQuality "1"]

1. e4 e5 2. Nf3 Nc6 3. Bc4 Bc5 4. c3 Nf6 5. b4 Bd6 6. d3 0-0 7. Bg5 Qe7 8. Nbd2 h6 9. Bh4 b6 10. 0-0 Bb7 11. Bg3 Rfe8 12. Nh4 Qf8 13. Ng6 Qe7 14. Nxe7+ Rxe7 15. Qf3 1-0

[Event "Niedersachsen-ch U14"]
[Site "Rotenburg/Wuemme"]
[Date "2007.04.03"]
[Round "5"]
[White "Kusmierek, Kasper Jan"]
[Black "Oellrich, Torben"]
[Result "1/2-1/2"]
[WhiteElo "1610"]
[BlackElo "1277"]
[PlyCount "48"]
[EventDate "2007.03.31"]
[EventType "swiss"]
[EventRounds "9"]
[EventCountry "GER"]
[SourceTitle "EXT 2008"]
[Source "ChessBase"]
[SourceDate "2007.11.25"]
[SourceVersion "1"]
[SourceVersionDate "2007.11.25"]
[SourceQuality "1"]

1. e4 e5 2. Nf3 Nc6 3. Nc3 Nf6 4. d4 exd4 5. Nxd4 Bb4 6. Nxc6 bxc6 7. Bd3 0-0 8. 0-0 Re8 9. Re1 d6 10. h3 Bb7 11. a3 Bxc3 12. bxc3 c5 13. Qf3 c4 14. Bxc4 Bxe4 15. Qd1 Rb8 16. Be3 a5 17. a4 Bg6 18. Bd3 Ne4 19. f3 Nf6 20. Qd2 Re6 21. Ba7 Rxe1+ 22. Rxe1 Rb7 23. Be3 Rb8 24. Ba7 Rb7 1/2-1/2